000 00544nam a2200217 a 4500
001 12703
003 BD-JhCC
005 20230508172927.0
008 23 s20191989enk d 000 1 eng d
020 _a9788172234805
035 _a(BD-JhCC)12703
040 _cBD-JhCC
082 _a813.52
_219
_bSHE 2019
092 _aD0401068123
100 1 _aSheldon, Sidney.
245 1 4 _aThe sands of time /
_cSidney Sheldon
260 _aBath :
_bHarper Collins,
_c2019
300 _a407 p :
_c25 cm
650 _aDective stories
942 _2ddc
_cBK
999 _c12703
_d12703